| 000 | 01282nam a2200361 i 4500 | ||
|---|---|---|---|
| 005 | 20200104041526.0 | ||
| 008 | 140304s1998 ||||| |||| 00| 0 spa d | ||
| 040 |
_aCO-BoIAVH _cCO-BoIAVH |
||
| 041 |
_aspa _heng |
||
| 044 | _acr | ||
| 082 | 0 | 4 |
_a333.95 _bC83c |
| 245 | 0 | 0 |
_aCosta Rica : _bnational strategy for the conservation and sustainable use of biodiversity, summary |
| 246 |
_aCosta Rica _bestrategia nacional de conservación y uso sostenible de la biodiversidad, resumen |
||
| 260 |
_aSan José : _bMINAE, _bINBio _bSINAC _c1998? |
||
| 300 | _a34 p. | ||
| 650 | _aEstrategias nacionales de biodiversidad | ||
| 650 | _aConservación de biodiversidad | ||
| 650 | _aUso sostenible | ||
| 650 | _aBiodiversidad | ||
| 650 | _aConservación ex situ | ||
| 650 | _aConservación in situ | ||
| 650 | _aServicios ambientales | ||
| 650 | _aIncentivos | ||
| 650 | _aAcceso a recursos genéticos | ||
| 650 | _aPropiedad intelectual | ||
| 650 | _aBioseguridad | ||
| 650 | _aBiotecnología | ||
| 662 | _aCosta Rica | ||
| 700 | 1 |
_aGarcía, Randall _eeditor. |
|
| 700 | 1 |
_aMarín, Patricia _eeditora. |
|
| 700 | 1 |
_aSevilla, Lesbia _eeditora. |
|
| 942 |
_cLIBRO _2ddc |
||
| 999 |
_c2031 _d2031 |
||